000 00977nam a2200241 a 4500
001 74196
003 BD-RjUL
005 20211209082518.0
008 180322s2013 bg ||||| b||| 001 0 ben d
020 _a9789842002373
_cTk.600.00
035 _a(BD-RjUL)74414
040 _aBD-RjUL
_beng
_cBD-RjUL
041 _aben
082 _223
_a891.4409
_bGOB 2013
100 1 _aঘোষ, বিশ্বজিৎ
_9220715
245 1 0 _aবুদ্ধদেব বসুর উপন্যাসে নৈঃসঙ্গ্যচেতনার /
_cবিশ্বজিৎ ঘোষ,
260 _aঢাকা :
_bঅ্যাডন পাব ,
_c২০১৩
300 _a৩৬০ পৃ. :
_c২২ সেমি.
504 _aগ্রন্থপঞ্জি সংযোজিত
650 _aবাংলা সাহিত্য
_vইতিহাস ও সমালোচনা
_9220716
650 _aBengali Literature
_vHistory and Criticism
_9220717
942 _2ddc
_cBK
999 _c74196
_d74196